000 00889cab a2200301 4500
001 ABS48318
008 090401t1993 xxu||||| |||| 00| 0 eng d
035 _a(Sirsi) u66159
041 _aeng
245 _aSalary survey
260 _c1993
350 _a0
490 _aBuilding
_v258(7786) 19 March 1993, 18-19(2)
520 _aLatest quarterly survey of professional salary levels in the building industry carried out by Montrose Construction Services.
650 _aARCHITECTS
650 _aBUILDING SERVICES ENGINEERS
650 _aBUILDING SURVEYORS
650 _aCIVIL ENGINEERS
650 _aCLERKS OF WORKS
650 _aCONSTRUCTION INDUSTRY
650 _aCONSULTANTS
650 _aCONTRACTORS
650 _aQUANTITY SURVEYORS
650 _aSALARIES
690 _aMANAGEMENT-BUSINESS MANAGEMENT-PROFESSIONAL PRACTICE
942 _n0
948 _c04/03/1997
999 _c41358
_d41358